000 02271cas a2200541 a 4500
001 11285196
003 NUST-PNEC
005 20170116180716.0
007 t|
008 760712c19739999nyu x f 0 a0eng c
010 _a 84643191
_zsn 83010373
_zsn 84006641
020 _a0070161925
022 0 _a0748-4585
_21
035 _a(OCoLC)ocm02307440
040 _aCtY
_beng
_cPNEC
042 _apcc
_ansdp
050 0 0 _aTP151
_b.H25
050 1 4 _aQD65
_b.L362
082 0 4 _a540.0202 DEA
_219
100 _9690
_aDean, John A.
210 0 _aLange's handb. chem.
222 0 _aLange's handbook of chemistry
245 0 0 _aLange's handbook of chemistry.
_cJohn A. Dean
246 3 0 _aHandbook of chemistry
250 _a13th ed.
260 3 _aNew York :
_bMcGraw-Hill,
_cc1985-
265 _aMcGraw-Hill Book Co., 1221 Ave. of the Americas, New York, NY 10020
300 _axxi,(various pagings). :
_bill. ;
_c24 cm.
310 _aIrregular
362 0 _a11th ed.-
500 _ahttp://www.amazon.com/Langes-Handbook-Chemistry-Norbert-Adolph/dp/0070161925/ref=sr_1_1?s=books&ie=UTF8&qid=1413628727&sr=1-1&keywords=0070161925
500 _aFormerly compiled and edited by: N.A. Lange.
530 _aLatest ed. available also online via the World Wide Web through Knovel.
590 _aSERBIB/SERLOC merged record
650 0 _aChemistry
_vHandbooks, manuals, etc.
650 6 _aChimie
_vGuides, manuels, etc.
_xME
700 1 _aDean, John A.
_q(John Aurie),
_d1921-2001.
700 1 _aLange, Norbert Adolph,
_d1892-1970.
776 1 _tLange's handbook of chemistry (Online)
_x1539-2279
_w(DLC) 2002211097
_w(OCoLC)49345774
776 0 8 _iOnline version:
_tLange's handbook of chemistry
_w(OCoLC)565258576
776 0 8 _iOnline version:
_tLange's handbook of chemistry
_w(OCoLC)606876455
780 0 0 _tHandbook of chemistry
_x0190-4035
_w(DLC) 34034381
_w(OCoLC)1588806
906 _a7
_bcbc
_cserials
_d2
_encip
_f19
_gn-oclcserc
936 _aUnknown
_a13th ed.
942 _2ddc
_cBK
999 _c61157
_d61157